Developing management skills / (Record no. 347911)
[ view plain ]
| 000 -LEADER | |
|---|---|
| fixed length control field | 01428 a2200193 4500 |
| 020 ## - INTERNATIONAL STANDARD BOOK NUMBER | |
| International Standard Book Number | 0673992462 (paperback) |
| 020 ## - INTERNATIONAL STANDARD BOOK NUMBER | |
| International Standard Book Number | 9780673992468 (paperback) |
| 082 04 - DEWEY DECIMAL CLASSIFICATION NUMBER | |
| Classification number | 658.40071173 |
| 090 ## - LOCALLY ASSIGNED LC-TYPE CALL NUMBER (OCLC); LOCAL CALL NUMBER (RLIN) | |
| -- | 5504 |
| -- | 5504 |
| 100 1# - MAIN ENTRY--PERSONAL NAME | |
| Personal name | Whetten, David A. |
| 245 10 - TITLE STATEMENT | |
| Title | Developing management skills / |
| Statement of responsibility, etc. | David A. Whetten, Kim S. Cameron. |
| 250 ## - EDITION STATEMENT | |
| Edition statement | 3rd ed. |
| 260 ## - PUBLICATION, DISTRIBUTION, ETC. | |
| Place of publication, distribution, etc. | [S.l.] : |
| Name of publisher, distributor, etc. | HarperCollins Publishers, |
| Date of publication, distribution, etc. | 1995. |
| 300 ## - PHYSICAL DESCRIPTION | |
| Extent | 775 p. ; |
| Dimensions | 24 cm. |
| 520 ## - SUMMARY, ETC. | |
| Summary, etc. | This challengingly interactive book constantly encourages the reader to reassess his or her approach to management behaviour through a blend of theory and practical examples. Cases are drawn from businesses in Europe, the United States and Japan to back up the personal, interpersonal and communication skills theory covered. Each chapter of this book follows a five-step formula of skill preassessment, skill learning, skill analysis, skill practice and skill application, allowing the book to be used both by the management student and the practising manager. Included are activities which allow the reader to assess and practise management skills, discussions of underlying behavioural guidelines, examples of effective and ineffective applications of behavioural principles and simulations and role-playing scenarios. |
| 700 1# - ADDED ENTRY--PERSONAL NAME | |
| Personal name | Cameron, Kim S. |
| 856 40 - ELECTRONIC LOCATION AND ACCESS | |
| Materials specified | Amazon.com |
| Uniform Resource Identifier | <a href="http://www.amazon.com/exec/obidos/ASIN/0673992462/chopaconline-20">http://www.amazon.com/exec/obidos/ASIN/0673992462/chopaconline-20</a> |
| 942 ## - ADDED ENTRY ELEMENTS (KOHA) | |
| Institution code [OBSOLETE] | NBS |
| Koha item type | Book |
| Call number prefix | 658.4007 DAV |
| Withdrawn status | Lost status | Source of classification or shelving scheme | Damaged status | Not for loan | Permanent Location | Current Location | Date acquired | Full call number | Barcode | Date last seen | Price effective from | Koha item type |
|---|---|---|---|---|---|---|---|---|---|---|---|---|
| Central Library (CL) | Central Library (CL) | 08/28/2013 | 658.4007 WHE | NBS1209 | 08/28/2013 | 08/28/2013 | Book |
